Prafulla (Bangla) (Record no. 4082)

MARC details
000 -LEADER
fixed length control field 00343nam a22001577a 4500
005 - DATE AND TIME OF LATEST TRANSACTION
control field 20160625161304.0
008 - FIXED-LENGTH DATA ELEMENTS--GENERAL INFORMATION
fixed length control field 160625b xxu||||| |||| 00| 0 eng d
041 ## - LANGUAGE CODE
Language code of text/sound track or separate title eng
082 ## - DEWEY DECIMAL CLASSIFICATION NUMBER
Item number 10247
100 ## - MAIN ENTRY--AUTHOR NAME
Personal name Chandra, Grirish
245 ## - TITLE STATEMENT
Title Prafulla (Bangla)
260 ## - PUBLICATION, DISTRIBUTION, ETC. (IMPRINT)
Name of publisher Varma P.
300 ## - PHYSICAL DESCRIPTION
Number of Pages 112
650 ## - SUBJECT ADDED ENTRY--TOPICAL TERM
Topical Term Bangla
942 ## - ADDED ENTRY ELEMENTS (KOHA)
Koha item type Books
Holdings
Lost status Damaged status Home library Date acquired Cost, normal purchase price Full call number Accession Number Koha item type
    JRU Library 25/06/2016 60.00 10247 10247 Books